Score 0/11 Timer 01:00
0 Plays Today
% Correct
Fosters
84.8%
Budweiser
84.5%
Coors Light
81%
Miller Lite
74.6%
Dos Equis
72.2%
Molson
71.7%
Miller High Life
57.3%
Red Stripe
53.6%
Heineken
47.5%
Busch
45.6%
Schlitz
44.8%

Today's Daily Dose

You're not logged in!

Compare scores with friends on all Sporcle quizzes.
OR
Log In

Sporcle TV

Today on Sporcle TV


Watch our educational content, quiz creation guides, and fun videos on Sporcle TV.

Show Comments

Extras

Top Quizzes Today


Score Distribution

Paid Content

Your Account Isn't Verified!

In order to create a playlist on Sporcle, you need to verify the email address you used during registration. Go to your Sporcle Settings to finish the process.

Report this User

Report this user for behavior that violates our Community Guidelines.

Details: